000 01889nam a22003017a 4500
001 6146
003 FISKH
005 20250320084856.0
008 250320b cb ||||| |||| 00| 0 eng d
020 _a9780756546809
040 _aFISKH
_beng
_cFISKH
_dFISKH
050 _aLC214.L56 T68
082 _a 379.2
100 _aTougas, Shelley
245 _aLittle rock girl 1957 :
_bHow a photograph changed the fight for integration /
_cBy Shelley Tougas
260 _aNorth Mankato :
_bCompass Point Books ;
_c2012.
300 _a64 pages :
_bcolor illustrations ;
_c26 cm .
490 _aCaptured history
505 _aZ
520 _aNine African American students made history when they defied a governor and integrated an Arkansas high school in 1957. It was the photo of one of the nine trying to enter the school a young girl being taunted, harassed and threatened by an angry mob that grabbed the worlds attention and kept its disapproving gaze on Little Rock, Arkansas. In defiance of a federal court order, Governor Orval Faubus called in the National Guard to prevent the students from entering all white Central High School. The plan had been for the students to meet and go to school as a group on September 4, 1957. But one student, Elizabeth Eckford, didnt hear of the plan and tried to enter the school alone. A chilling photo by newspaper photographer Will Counts captured the sneering expression of a girl in the mob and made history. Years later Counts snapped another photo, this one of the same two girls, now grownup, reconciling in front of Central High School.
521 8 _a1010
_bLexile
521 8 _aZ
_bRaz-Plus
650 _aSchool integration-Arkansas- Little Rock
_vJuvenile literature
650 _aCentral high school
_vJuvenile literature
700 _aNeitge, Catherine
_eManaging Editor
942 _2ddc
_cBK
_n0
999 _c6146
_d6146